Normal view MARC view
  • Ortega Cabello, Alejandro

Entry Nombre Personal

Number of records used in: 1

001 - NUMERO DE CONTROL

  • campo de control: 49575

003 - IDENTIFICADOR DE NUMERO DE CONTROL

  • campo de control: UPN

005 - FECHA Y HORA DE LA ÜLTIMA TRANSACCIÓN

  • campo de control: 20230725141319.0

008 - DATOS DE LONGITUD FIJA

  • campo de control de longitud fija: 230725|| acn||aabn | a|a d

024 7# - OTROS IDENTIFICADORES NORMALIZADOS

  • Fuente: orcid
  • Número normalizado o código: https://orcid.org/0000-0002-3119-8115

040 ## - FUENTE DE CATALOGACIÓN

  • Agencia original de catalogación: MX-MxUPN

100 ## - ENCABEZAMIENTO - NOMBRE PERSONAL

  • Nombre personal: Ortega Cabello, Alejandro

370 ## - LUGAR ASOCIADO

  • Associated country: España

372 ## - CAMPO DE ACTIVIDAD

  • Field of activity: Calidad y mejora de la educación

373 ## - GRUPO ASOCIADO

  • Associated group: Universidad Autónoma de Madrid

374 ## - OCUPACIÓN

  • Occupation: Profesor universitario

670 ## - FUENTE EN LA QUE SE LOCALIZARON DATOS

  • Cita de la fuente: En recurso en línea: Tendencias pedagógicas, no. 39 (2022), p. 14
  • Información localizada: (Alejandro Ortega Cabello)
  • Uniform Resource Identifier: https://revistas.uam.es/tendenciaspedagogicas/article/view/14250

902 ## - CATALOGADOR

  • Catalogador: Leonor Sotres/250723